000
00301nam a22001217a 4500
008
230626b xxu||||| |||| 00| 0 eng d
082
_a
331.5
_b
RIC
100
_c
Audrey I. Richards
245
_a
Economic Development and Tribal Change
260
_a
Cambridge
_b
EAISR
300
_a
301p
942
_2
ddc
_c
BK
999
_c
2702
_d
2702